هيبتا : (Record no. 24137)
[ view plain ]
| 000 -الفاتح | |
|---|---|
| حقل البيانات ثابتة الطول | 01067nam a22003015a 4500 |
| 003 - محدد رقم الضبط | |
| رقم الضبط | EG-ScBUE |
| 005 - وقت وتاريخ اخر تعامل مع التسجيلة | |
| رقم الضبط | 20211118113813.0 |
| 008 - عناصر البيانات ثابتة الطول - معلومات عامة | |
| حقل البيانات ثابتة الطول | 170213s2017 ua f 000 f ara d |
| 017 ## - رقم الإيداع القانونى | |
| رقم الإيداع القانونى | 2013 / 19689 |
| 020 ## - الرقم الدولى المعيارى للكتب | |
| الرقم الدولى المعيارى للكتاب | 9789775153364 |
| 040 ## - مصدر الفهرسة | |
| وكالة الفهرسة الأصلية | EG-ScBUE |
| لغة الفهرسة | ara |
| قواعد الوصف | rda |
| وكالة النسخ | EG-ScBUE |
| وكالة التعديل | EG-ScBUE |
| 082 04 - رقم تصنيف ديوى العشرى | |
| رقم التصنيف | 892.737 |
| رقم المادة | ص ا د |
| رقم الطبعة | 22 |
| 100 1# - المدخل الرئيسى - إسم شخصى | |
| الإسم الشخصى | صادق، محمد، |
| التواريخ المصاحبة للاسم | 1987- |
| الدور | مؤلف. |
| 9 (RLIN) | 41953 |
| 245 10 - بيان العنوان | |
| العنوان | هيبتا : |
| بقية العنوان | رواية / |
| بيان المسئوليه,etc | محمد صادق. |
| 250 ## - بيان الطبعة | |
| بيان الطبعة | الطبعة الحادية والخمسون. |
| 264 #1 - النشر، التوزيع | |
| مكان الناشر او الموزع | الجيزة : |
| اسم الناشر او الموزع | الرواق للنشر والتوزيع، |
| تاريخ النشر أو التوزيع | 2017. |
| 300 ## - الوصف المادى | |
| التعداد | 247 صفحة ؛ |
| أبعاد الوعاء | 20 سم |
| 336 ## - نوع المحتوى | |
| source | rdacontent |
| Carrier Type Term | نص |
| Content Type Code | txt |
| 337 ## - نوع الوسيط | |
| source | rdamedia |
| Media Type Term | بدون وسيط |
| Media Type Code | n |
| 338 ## - نوع الحامل أو الناقل | |
| source | rdacarrier |
| Carrier Type Term | مجلد |
| Carrier Type Code | nc |
| 500 ## - تبصرة عامة | |
| تبصرة عامة | الطبعة 48 عام 2016. |
| 541 ## - تبصرة المصدر المباشر للتزويد | |
| مصدر التزويد | محمد صادق ؛ |
| طريقة التزويد | إهداء ؛ |
| 650 #7 - المدخل الاضافى بالموضوع-مصطلح موضوعى | |
| مصطلح موضوعي أو اسم جغرافي كعنصر مدخل | القصص العربية |
| التقسيم الفرعي الجغرافي | مصر |
| التقسيم الفرعي الزمني | قرن21. |
| مصدر الرأس أو المصطلح | BUEsh |
| 651 ## - المدخل الاضافى بالموضوع - اسم جغرافى | |
| مصدر الرأس أو المصطلح | BUEsh |
| 653 ## - مصطلح تكشيفى غير مقيد | |
| Resource For college | Arabic Literature |
| -- | Generalities |
| Arrived date list | February2017 |
| -- | December2018 |
| 655 ## - مصطلح تكشيفى-نوع/شكل | |
| التقسيم الفرعي الشكلي | Reading book |
| -- | 34232 |
| 942 ## - عناصر المدخل الإضافي( كوها) | |
| مصدر التصنيف او مخطط الترفيف | Dewey Decimal Classification |
| حالة التراجع | حالة الفقد | مصدر التصنيف او خطة الترفيف | حالة تلف | ليس للاعارة | مجموعات كوها | المكان الدائم | المكان الحالي | موقع الترفيف | تاريخ الاكتساب | Source of acquisition | سعر الشراء الطبيعي | تعداد مسلسل / التسلسل الزمني | رقم الاستدعاء | الباركود | Date last seen | مُعار | التكلفة | نوع الوعاء | تبصرة غير عامة( المفوع للعناصر المفقوده) | Date last checked out |
|---|---|---|---|---|---|---|---|---|---|---|---|---|---|---|---|---|---|---|---|---|
| Dewey Decimal Classification | Alahram | Central Library | Central Library | Second Floor | 13/02/2017 | Purchase | 30.00 | 21039 | 892.737 ص ا د | 000045427 | 15/07/2025 | 17/02/2025 | 37.50 | Book - Borrowing | ||||||
| Dewey Decimal Classification | Central Library | Central Library | Second Floor | 23/09/2017 | Donation | 892.737 ص ا د | 000046568 | 15/07/2025 | 20/10/2024 | Book - Borrowing | إهداء من د. مصطفى محمود كامل سعد الدين. | |||||||||
| Dewey Decimal Classification | Donation-Gift | Central Library | Central Library | Second Floor | 04/12/2018 | Donation | 892.737 ص ا د | 000044020 | 12/10/2025 | 02/10/2025 | Book - Borrowing | إهداء من الروائي محمد صادق | ||||||||
| Dewey Decimal Classification | Donation-Gift | Central Library | Central Library | Second Floor | 04/12/2018 | Donation | 892.737 ص ا د | 000044022 | 19/02/2023 | 19/02/2023 | Book - Borrowing | 26/02/2023 |